000
00330nam a2200133Ia 4500
008
240624s9999 xx 000 0 und d
041
_a
eng
082
_a
658.8 MOO
100
_a
MOON YOUNGME
245
_a
DIFFERENT ESCAPING THE COMPETITIVE HERD
260
_c
2011
_a
New York
_b
Random House
300
_a
288 : p.
365
_c
_b
25
999
_c
22117
_d
22117